aa (Record no. 11113)

MARC details
000 -LEADER
fixed length control field 00459nam a2200205 a 4500
001 - CONTROL NUMBER
control field 0001-1113
003 - CONTROL NUMBER IDENTIFIER
control field ELIB.Books
008 - FIXED-LENGTH DATA ELEMENTS--GENERAL INFORMATION
fixed length control field 150323 2010 eng
020 ## - INTERNATIONAL STANDARD BOOK NUMBER
International Standard Book Number a
035 ## - SYSTEM CONTROL NUMBER
System control number (ELIB.Books)0001-1268
092 ## - LOCALLY ASSIGNED DEWEY CALL NUMBER (OCLC)
Classification number Adolescent Spirituality
Item number Adolescent Spirituality
-- B
100 ## - MAIN ENTRY--PERSONAL NAME
Personal name aa
111 ## - MAIN ENTRY--MEETING NAME
Meeting name or jurisdiction name as entry element aa
245 ## - TITLE STATEMENT
Title aa
Remainder of title aa
250 ## - EDITION STATEMENT
Edition statement aa
260 ## - PUBLICATION, DISTRIBUTION, ETC. (IMPRINT)
Place of publication, distribution, etc. aa
Name of publisher, distributor, etc. aa
Date of publication, distribution, etc. aa
942 ## - ADDED ENTRY ELEMENTS (KOHA)
Source of classification or shelving scheme Dewey Decimal Classification
Koha item type Books
990 ## - EQUIVALENCES OR CROSS-REFERENCES [LOCAL, CANADA]
Link information for 9XX fields aa
998 ## - LOCAL CONTROL INFORMATION (RLIN)
Cataloger's initials, CIN (RLIN) bat
-- 2015-03-23
Holdings
Withdrawn status Lost status Source of classification or shelving scheme Damaged status Not for loan Home library Current library Date acquired Total Checkouts Barcode Date last seen Bill Date Koha item type
    Dewey Decimal Classification     Karen Baptist Theological Seminary Library Karen Baptist Theological Seminary Library 23/03/2015   aa 22/01/2022 22/01/2022 Books
Implemented & Customized by: BestBookBuddies

Powered by Koha